[Event "14th EUR-ch"]
[Site "Legnica POL"]
[Date "2013.05.05"]
[Round "1"]
[White "Vedder, Henk"]
[Black "Mastrovasilis, Dimitrios"]
[Result "1/2-1/2"]
[WhiteElo "2368"]
[BlackElo "2610"]
[EventDate "2013.05.05"]
[PlyCount "140"]

1.e4 c5 2.Nf3 e6 3.Nc3 a6 4.g3 Nc6 5.Bg2 d6 6.O-O Be7 7.d4 cxd4 8.Nxd4 Bd7
9.Nxc6 Bxc6 10.Ne2 Nf6 11.Qd4 O-O 12.c4 b5 13.cxb5 axb5 14.Qe3 e5 15.Bd2 
Qb8 16.Bb4 Nd7 17.Nc3 Nc5 18.Nd5 Bxd5 19.exd5 Na6 20.Bd2 Bd8 21.b4 Bb6 22.
Qb3 Qa7 23.a4 Bd4 24.Rac1 bxa4 25.Qxa4 Rfb8 26.Rc6 g6 27.b5 Nc5 28.Qxa7 
Rxa7 29.Rxd6 Rxb5 30.Bh6 f5 31.Rf6 Nd7 32.Rc6 e4 33.Rc8+ Kf7 34.Rd1 Rxd5 
35.Be3 Nb6 36.Rxd4 Rxd4 37.Bxd4 Nxc8 38.Bxa7 Nxa7 39.f3 exf3 40.Bxf3 g5 
41.Kf2 Kf6 42.Ke3 Ke5 43.Bb7 Nb5 44.Ba8 Nc3 45.Bb7 Nd5+ 46.Kf3 h6 47.Bc8 
Nb6 48.Ba6 Nd7 49.Bb5 Nf6 50.Ba6 Ne4 51.Bb7 Nc5 52.Bc6 Kd4 53.h4 gxh4 54.
gxh4 Ne6 55.Bb7 Ke5 56.Kg3 Nc5 57.Ba8 Ne4+ 58.Kf3 Nd2+ 59.Ke3 Nc4+ 60.Kf3 
h5 61.Bc6 Nd6 62.Bd7 f4 63.Kf2 Ne4+ 64.Kf3 Nf6 65.Bb5 Ne4 66.Be8 Ng3 67.
Bg6 Kf6 68.Kxf4 Ne2+ 69.Ke3 Kxg6 70.Kxe2 Kf5 1/2-1/2

[Event "14th EUR-ch"]
[Site "Legnica POL"]
[Date "2013.05.05"]
[Round "1"]
[White "Volkov, Sergei"]
[Black "Kantorik, Marian"]
[Result "1-0"]
[WhiteElo "2610"]
[BlackElo "2363"]
[EventDate "2013.05.05"]
[PlyCount "101"]

1.d4 d5 2.c4 c6 3.Nf3 Nf6 4.e3 Bg4 5.h3 Bxf3 6.Qxf3 e6 7.Bd3 Nbd7 8.O-O 
Bd6 9.Nc3 O-O 10.Rd1 dxc4 11.Bxc4 e5 12.Bb3 Qe7 13.Bc2 Rfe8 14.Bd2 e4 15.
Qe2 Nb6 16.a4 a5 17.Rac1 Nbd5 18.Nxd5 Nxd5 19.Bb3 Nf6 20.Bc3 Red8 21.g3 
Bc7 22.d5 Nxd5 23.Bxd5 cxd5 24.Qb5 Qg5 25.Be1 Bxg3 26.fxg3 Qxe3+ 27.Bf2 
Qf3 28.Qc5 h5 29.Qe3 Qf5 30.Qf4 Qxh3 31.Rc7 Rd7 32.Rxd5 Rxc7 33.Qxc7 Rc8 
34.Rd8+ Rxd8 35.Qxd8+ Kh7 36.Qd5 e3 37.Be1 Qg4 38.Qb5 f5 39.Qd3 Qf3 40.Qf1
Qe4 41.Qf4 Qb1 42.Qxe3 Qxb2 43.Bxa5 Qb1+ 44.Kf2 Qc2+ 45.Bd2 Qc6 46.Qf3 
Qc5+ 47.Kg2 Qc2 48.Qxh5+ Kg8 49.Qe8+ Kh7 50.Qe3 Qc6+ 51.Kf2 1-0

[Event "14th EUR-ch"]
[Site "Legnica POL"]
[Date "2013.05.05"]
[Round "1"]
[White "Pavlidis, Anastasios"]
[Black "Andriasian, Zaven"]
[Result "1/2-1/2"]
[WhiteElo "2360"]
[BlackElo "2608"]
[EventDate "2013.05.05"]
[PlyCount "132"]

1.d4 d5 2.c4 c6 3.Nf3 Nf6 4.Nc3 dxc4 5.a4 Bf5 6.Ne5 Nbd7 7.Nxc4 Qc7 8.g3 
e5 9.dxe5 Nxe5 10.Bf4 Nfd7 11.Bg2 g5 12.Ne3 gxf4 13.Nxf5 O-O-O 14.Qc2 Ng4 
15.a5 fxg3 16.hxg3 a6 17.Ra4 Nde5 18.Bh3 Nf6 19.Kf1 Kb8 20.Kg2 h5 21.Ne4 
Nxe4 22.Qxe4 Bc5 23.Qc2 Ba7 24.Qc3 Rd5 25.b4 Rhd8 26.Ra2 Ng6 27.Ne3 Bxe3 
28.Qxe3 h4 29.Rb2 hxg3 30.Qxg3 Rg8 31.Qxc7+ Kxc7 32.Rb3 Nf4+ 33.Kf3 Nxh3 
34.Rxh3 Rf5+ 35.Ke3 Re8+ 36.Kd2 Rxf2 37.Rhe3 Rd8+ 38.Rbd3 Rxd3+ 39.Kxd3 
Kd7 40.Re4 Rf5 41.Kc4 Kd6 42.Rd4+ Kc7 43.Re4 b5+ 44.axb6+ Kxb6 45.Re7 f6 
46.Rf7 Rf4+ 47.Kc3 f5 48.Kb3 a5 49.bxa5+ Kxa5 50.e3 Rf1 51.Kc4 Kb6 52.Kb4 
Rb1+ 53.Kc4 Rb5 54.Kc3 Ra5 55.Kc4 Rd5 56.e4 Rc5+ 57.Kb3 Rb5+ 58.Kc3 fxe4 
59.Re7 Ra5 60.Rxe4 c5 61.Rh4 Ra3+ 62.Kb2 Rg3 63.Kc2 Kb5 64.Kb2 c4 65.Rh8 
Rg2+ 66.Kc3 Rg3+ 1/2-1/2

[Event "14th EUR-ch"]
[Site "Legnica POL"]
[Date "2013.05.05"]
[Round "1"]
[White "Hovhannisian, Robert"]
[Black "Szwed, Jacek"]
[Result "1-0"]
[WhiteElo "2607"]
[BlackElo "2354"]
[EventDate "2013.05.05"]
[PlyCount "103"]

1.e4 e6 2.d4 d5 3.Nd2 dxe4 4.Nxe4 Nd7 5.Nf3 Ngf6 6.Bd3 Nxe4 7.Bxe4 c5 8.
O-O Nf6 9.Bg5 cxd4 10.Nxd4 Be7 11.Bf3 O-O 12.c3 Qb6 13.Qb3 Qxb3 14.axb3 
Rd8 15.Rfd1 a6 16.b4 e5 17.Nb3 h6 18.Rxd8+ Bxd8 19.Rd1 Be7 20.Bh4 g5 21.
Bg3 e4 22.Be2 Bd7 23.Na5 b6 24.Nc4 Bb5 25.Kf1 Rd8 26.Rxd8+ Bxd8 27.Nd6 
Bxe2+ 28.Kxe2 b5 29.h3 Kf8 30.Be5 Nd5 31.Nxe4 f6 32.Bd6+ Ke8 33.Kf3 h5 34.
Nc5 a5 35.Ke4 Nb6 36.bxa5 Nc4 37.Kd5 Nxa5 38.Ne6 Nc4 39.Nxd8 Kxd8 40.b3 
Nd2 41.Ke6 Ne4 42.Be7+ Ke8 43.Bxf6 Nxf2 44.Bxg5 Ne4 45.Bf6 Nc5+ 46.Kf5 
Nxb3 47.Kg6 Nc5 48.Kxh5 Kf7 49.Bd4 Ne4 50.h4 Ng3+ 51.Kg4 Ne2 52.Kf3 1-0

[Event "14th EUR-ch"]
[Site "Legnica POL"]
[Date "2013.05.05"]
[Round "1"]
[White "Antal, Tibor Kende"]
[Black "Pashikian, Arman"]
[Result "0-1"]
[WhiteElo "2349"]
[BlackElo "2603"]
[EventDate "2013.05.05"]
[PlyCount "92"]

1.d4 Nf6 2.c4 e6 3.Nf3 d5 4.Nc3 Bb4 5.Bg5 h6 6.Bxf6 Qxf6 7.Qb3 c5 8.cxd5 
exd5 9.dxc5 Bxc3+ 10.Qxc3 Qxc3+ 11.bxc3 O-O 12.e3 Be6 13.Nd4 Rc8 14.Nxe6 
fxe6 15.c4 Rxc5 16.cxd5 exd5 17.Rd1 Nc6 18.Be2 Nb4 19.Bf3 Rd8 20.a4 d4 21.
exd4 Nc2+ 22.Kf1 Rxd4 23.g3 Rxa4 24.Bxb7 Rb4 25.Bf3 Rb2 26.Rd2 a5 27.Be4 
a4 28.Rxc2 Rcxc2 29.Bxc2 Rxc2 30.Kg2 a3 31.Ra1 a2 32.Kf3 Kf7 33.Ke3 Kf6 
34.h3 Rb2 35.Kf3 Ke5 36.Ke3 Kd5 37.f4 Rb3+ 38.Kf2 Ra3 39.h4 Ke4 40.h5 Kf5 
41.Kg2 Kg4 42.Kh2 Ra4 43.Kg2 Ra5 44.Kf2 Rxh5 45.Kg2 Ra5 46.Kf2 Ra3 0-1

[Event "14th EUR-ch"]
[Site "Legnica POL"]
[Date "2013.05.05"]
[Round "1"]
[White "Zhigalko, Andrei"]
[Black "Posedaru, Bogdan"]
[Result "1/2-1/2"]
[WhiteElo "2603"]
[BlackElo "2339"]
[EventDate "2013.05.05"]
[PlyCount "128"]

1.e4 c5 2.Nf3 Nc6 3.d4 cxd4 4.Nxd4 g6 5.c4 Nf6 6.Nc3 Nxd4 7.Qxd4 d6 8.Bg5 
Bg7 9.Qd2 O-O 10.Bd3 a5 11.b3 a4 12.b4 Be6 13.Rc1 a3 14.O-O Nd7 15.Rfe1 
Re8 16.Bf1 Nb6 17.Nd5 Bb2 18.Rcd1 Bg4 19.f3 Nxd5 20.exd5 Bd7 21.Re4 Bf5 
22.Re3 Qb6 23.Kh1 Ra4 24.Rb3 Qc7 25.Re1 f6 26.Bh4 Raa8 27.Bf2 Rac8 28.Bd4 
b5 29.Bxb2 axb2 30.Qxb2 bxc4 31.Rc3 Qb6 32.g4 Bd7 33.Rxc4 Rxc4 34.Bxc4 Rc8
35.Re4 h5 36.h3 hxg4 37.hxg4 Bb5 38.Bb3 Kf7 39.Kg2 f5 40.Re1 fxg4 41.fxg4 
Bd7 42.Rf1+ Kg8 43.Rh1 e5 44.Qb1 Kg7 45.Qe4 Rf8 46.Rf1 Rxf1 47.Kxf1 Qd8 
48.Bd1 Qf6+ 49.Kg2 Qg5 50.Qe2 Qf4 51.b5 Qd4 52.a4 Qxd5+ 53.Qf3 e4 54.Qc3+ 
Kh7 55.Be2 Be6 56.Kg3 Qa2 57.Qc7+ Kh6 58.Qd8 Qb3+ 59.Kh4 Kg7 60.Qxd6 Qe3 
61.Qxe6 Qh6+ 62.Kg3 Qe3+ 63.Kh4 Qh6+ 64.Kg3 Qe3+ 1/2-1/2

[Event "14th EUR-ch"]
[Site "Legnica POL"]
[Date "2013.05.05"]
[Round "1"]
[White "Maevsky, Nikolay"]
[Black "Macieja, Bartlomiej"]
[Result "0-1"]
[WhiteElo "2323"]
[BlackElo "2600"]
[EventDate "2013.05.05"]
[PlyCount "128"]

1.e4 c5 2.Nf3 Nc6 3.d4 cxd4 4.Nxd4 Qc7 5.Nc3 e6 6.f4 a6 7.Be3 b5 8.Be2 Bb7
9.a3 Nxd4 10.Qxd4 Rc8 11.O-O h5 12.Rad1 Nf6 13.h3 h4 14.Rf2 Bc5 15.Qxc5 
Qxc5 16.Bxc5 Rxc5 17.Rd4 Ke7 18.a4 bxa4 19.Rxa4 a5 20.e5 Nh5 21.Bxh5 Rxh5 
22.Ne4 Rd5 23.Nc3 Rc5 24.Ne4 Bxe4 25.Rxe4 f6 26.exf6+ gxf6 27.b3 Rhd5 28.
f5 Rxf5 29.Rxf5 Rxf5 30.Rxh4 Rc5 31.c4 Rc8 32.Rh5 e5 33.Rh7+ Ke6 34.h4 a4 
35.bxa4 Rxc4 36.a5 Ra4 37.h5 Rxa5 38.Rg7 e4 39.h6 Rh5 40.h7 f5 41.Kf2 f4 
42.g4 e3+ 43.Kg2 Rh4 44.g5 Kf5 45.g6 e2 46.Re7 Kxg6 47.Rxe2 Rxh7 48.Re5 
Kf6 49.Ra5 Ke6 50.Kf3 Rf7 51.Ra4 d6 52.Ra2 d5 53.Ra4 Ke5 54.Ra8 Kd4 55.
Ra4+ Kc3 56.Ra3+ Kc2 57.Ra4 Kb3 58.Rd4 Rf5 59.Rd1 Kc3 60.Kg4 Rf8 61.Kf3 d4
62.Rc1+ Kd2 63.Ra1 d3 64.Kf2 f3 0-1

[Event "14th EUR-ch"]
[Site "Legnica POL"]
[Date "2013.05.05"]
[Round "1"]
[White "Pelletier, Yannick"]
[Black "Izzat, Kanan"]
[Result "1/2-1/2"]
[WhiteElo "2599"]
[BlackElo "2322"]
[EventDate "2013.05.05"]
[PlyCount "81"]

1.c4 Nf6 2.Nc3 d5 3.cxd5 Nxd5 4.g3 Nb6 5.Bg2 g6 6.d3 Bg7 7.Be3 Nc6 8.Bxc6+
bxc6 9.Qd2 O-O 10.Bh6 c5 11.Bxg7 Kxg7 12.Nf3 Bb7 13.Qe3 c4 14.Rd1 Qd6 15.
O-O Qf6 16.Ne5 cxd3 17.Rxd3 Rfd8 18.Rfd1 Rd6 19.Qc5 Ba6 20.Rd4 Qe6 21.b3 
Rad8 22.Nf3 Bb7 23.Qxc7 R8d7 24.Rxd6 exd6 25.Qb8 Bxf3 26.exf3 Qf6 27.Rd3 
d5 28.f4 Re7 29.Na4 Nxa4 30.bxa4 Qa1+ 31.Kg2 Qxa2 32.f5 gxf5 33.Qf4 h6 34.
Qxf5 Qxa4 35.Qxd5 Qe4+ 36.Qxe4 Rxe4 37.Ra3 Re7 38.Ra6 f6 39.h4 h5 40.Kf3 
Kg6 41.Kf4 1/2-1/2

[Event "14th EUR-ch"]
[Site "Legnica POL"]
[Date "2013.05.05"]
[Round "1"]
[White "Vuilleumier, Alexandre"]
[Black "Salgado Lopez, Ivan"]
[Result "1/2-1/2"]
[WhiteElo "2319"]
[BlackElo "2598"]
[EventDate "2013.05.05"]
[PlyCount "82"]

1.e4 c5 2.Nf3 Nc6 3.Bb5 g6 4.O-O Bg7 5.c3 Nf6 6.e5 Nd5 7.d4 cxd4 8.cxd4 
O-O 9.Nc3 Nxc3 10.bxc3 d6 11.Re1 Qa5 12.Qa4 Qxa4 13.Bxa4 dxe5 14.Bxc6 bxc6
15.Nxe5 c5 16.Ba3 cxd4 17.cxd4 Re8 18.Nc6 e6 19.Rab1 Ba6 20.Bc5 Bc4 21.a4 
Bf8 22.Rb7 Bd5 23.Ne7+ Bxe7 24.Rxe7 Rxe7 25.Bxe7 a5 26.Bd6 Bc6 27.Bc7 Ra7 
28.Bb6 Ra6 29.Bc7 Kf8 30.Re5 Bd5 31.Re1 Ke7 32.Rc1 Kd7 33.Rc5 Bb7 34.h4 
Ra8 35.Bb6 Bc6 36.Rxa5 Rxa5 37.Bxa5 Bxa4 38.f3 Kc6 39.Kf2 Kd5 40.Ke3 Bb5 
41.Bd8 Bf1 1/2-1/2

[Event "14th EUR-ch"]
[Site "Legnica POL"]
[Date "2013.05.05"]
[Round "1"]
[White "Durarbayli, Vasif"]
[Black "Buchal, Stephan"]
[Result "1-0"]
[WhiteElo "2597"]
[BlackElo "2315"]
[EventDate "2013.05.05"]
[PlyCount "65"]

1.e4 g6 2.d4 Bg7 3.Nc3 d6 4.h4 h5 5.Be3 Nc6 6.Qd2 e5 7.d5 Nce7 8.O-O-O Nh6
9.Bb5+ Bd7 10.Bxd7+ Qxd7 11.f3 f5 12.Nh3 Nf7 13.g3 O-O-O 14.Kb1 a6 15.Qe2 
Rdf8 16.Rdf1 Ng8 17.Nd1 Bh6 18.c4 Bxe3 19.Nxe3 Nf6 20.exf5 gxf5 21.Qc2 Nh6
22.Ng5 f4 23.gxf4 exf4 24.Ng2 Qf5 25.Ne6 Rf7 26.Ngxf4 Rg8 27.Rfg1 Rxg1+ 
28.Rxg1 Qxc2+ 29.Kxc2 Nf5 30.Ng6 c6 31.Rg5 Ne7 32.Nxe7+ Rxe7 33.Rf5 1-0

[Event "14th EUR-ch"]
[Site "Legnica POL"]
[Date "2013.05.05"]
[Round "1"]
[White "Selbes, Tarik"]
[Black "Kravtsiv, Martyn"]
[Result "0-1"]
[WhiteElo "2314"]
[BlackElo "2595"]
[EventDate "2013.05.05"]
[PlyCount "72"]

1.c4 e6 2.Nf3 Nf6 3.g3 d5 4.Bg2 c5 5.O-O Nc6 6.d4 dxc4 7.Na3 cxd4 8.Nxc4 
Bc5 9.Bf4 O-O 10.Rc1 Nd5 11.Nce5 Bb6 12.Nxc6 bxc6 13.Ne5 c5 14.b4 cxb4 15.
Nc6 Qd7 16.Be5 Nc3 17.Qd2 f6 18.Nxb4 Bb7 19.Rxc3 Bxg2 20.Kxg2 Qb7+ 21.Rf3 
fxe5 22.Qd3 Rac8 23.Kg1 Rxf3 24.exf3 a5 25.Nc2 Rc3 26.Qe2 Qd5 27.Qa6 d3 
28.Qxb6 dxc2 29.Qb2 Qxf3 30.Rc1 Kf7 31.Re1 h6 32.h3 Kg6 33.Qc1 e4 34.Qd2 
e3 35.fxe3 Qxg3+ 36.Kf1 Qxe1+ 0-1

[Event "14th EUR-ch"]
[Site "Legnica POL"]
[Date "2013.05.05"]
[Round "1"]
[White "Nyback, Tomi"]
[Black "Rindlisbacher, Lars"]
[Result "1-0"]
[WhiteElo "2593"]
[BlackElo "2312"]
[EventDate "2013.05.05"]
[PlyCount "109"]

1.d4 Nf6 2.c4 e6 3.Nc3 Bb4 4.e3 d5 5.a3 Bxc3+ 6.bxc3 O-O 7.Bd3 c5 8.Ne2 
dxc4 9.Bxc4 Nc6 10.Ba2 e5 11.d5 Ne7 12.c4 Nf5 13.Qc2 Nh4 14.O-O Bf5 15.Qb2
Qd7 16.f3 e4 17.Nf4 exf3 18.gxf3 Rae8 19.Qf2 Ng6 20.e4 Bxe4 21.fxe4 Rxe4 
22.Nxg6 hxg6 23.Bf4 Rfe8 24.Qf3 Nh5 25.Bd2 Qg4+ 26.Qxg4 Rxg4+ 27.Kf2 Nf6 
28.Rae1 Ne4+ 29.Kf3 f5 30.Bf4 g5 31.Bg3 Kf7 32.Kg2 Nxg3 33.hxg3 Rxe1 34.
Rxe1 f4 35.Bb1 Rxg3+ 36.Kf2 Rxa3 37.Re6 Re3 38.Bg6+ Kf8 39.Rxe3 fxe3+ 40.
Kxe3 Ke7 41.Bh5 Kd6 42.Ke4 a6 43.Be2 b6 44.Bd1 b5 45.Bb3 Ke7 46.Kf5 g4 47.
Kxg4 Kf6 48.Kf4 g6 49.Ke4 Kf7 50.Ke5 Ke7 51.Ba2 bxc4 52.Bxc4 a5 53.Bb3 a4 
54.Bxa4 g5 55.Bb3 1-0

[Event "14th EUR-ch"]
[Site "Legnica POL"]
[Date "2013.05.05"]
[Round "1"]
[White "Golub, Dan"]
[Black "Gagunashvili, Merab"]
[Result "0-1"]
[WhiteElo "2305"]
[BlackElo "2592"]
[EventDate "2013.05.05"]
[PlyCount "106"]

1.e4 d6 2.d4 Nf6 3.Nc3 g6 4.Nf3 Bg7 5.Be2 O-O 6.O-O c6 7.a4 Qc7 8.h3 Nbd7 
9.Bg5 h6 10.Be3 e5 11.Qd2 Kh7 12.dxe5 dxe5 13.Rfd1 Re8 14.Bc4 Nb6 15.Bb3 
Be6 16.Bxe6 Rxe6 17.b3 Bf8 18.a5 Nbd7 19.Na4 Rd6 20.Qe1 Nxe4 21.Bxh6 Bxh6 
22.Qxe4 Re8 23.Qh4 Kg7 24.Ng5 Rf6 25.Qg4 Re7 26.g3 Rf5 27.Ne4 Nf6 28.Nxf6 
Rxf6 29.Nc5 Rd6 30.b4 f5 31.Qc4 b6 32.Nb3 Red7 33.Re1 e4 34.axb6 axb6 35.
Ra8 Rf7 36.Qc3+ Rdf6 37.Rd1 Kh7 38.Rdd8 Bg7 39.Nd4 Qe5 40.Re8 Re7 41.Rxe7 
Qxe7 42.Nxc6 Qd7 43.b5 Rf8 44.Qa3 Qd1+ 45.Kh2 Rxa8 46.Qxa8 Qf3 47.Ne7 
Qxf2+ 48.Kh1 Qxg3 49.Qg8+ Kh6 50.Qb3 Bc3 51.Qd5 Qxh3+ 52.Kg1 Qg3+ 53.Kf1 
Qf4+ 0-1

[Event "14th EUR-ch"]
[Site "Legnica POL"]
[Date "2013.05.05"]
[Round "1"]
[White "Babula, Vlastimil"]
[Black "Przezdziecka, Marta"]
[Result "1-0"]
[WhiteElo "2591"]
[BlackElo "2302"]
[EventDate "2013.05.05"]
[PlyCount "107"]

1.d4 Nf6 2.c4 g6 3.Nc3 d5 4.cxd5 Nxd5 5.Bd2 Nb6 6.Bg5 Bg7 7.e3 O-O 8.Nf3 
a5 9.Be2 a4 10.Rc1 Be6 11.O-O c6 12.h3 h6 13.Bh4 f5 14.Bg3 N8d7 15.Bd3 Nd5
16.Nxa4 Qa5 17.b3 Nb4 18.Bb1 b5 19.Nc3 c5 20.a3 Na6 21.a4 bxa4 22.bxa4 
Rfc8 23.e4 Bc4 24.Re1 f4 25.Bxf4 cxd4 26.Nd5 Bxd5 27.Rxc8+ Rxc8 28.exd5 
Qxd5 29.Rxe7 Nac5 30.Bxg6 Rf8 31.Qc1 Nb3 32.Qc7 Nbc5 33.a5 d3 34.a6 d2 35.
Nxd2 Nxa6 36.Qxd7 Qxd7 37.Rxd7 Rxf4 38.Ne4 Rf8 39.g3 Nb4 40.Nd6 Rf6 41.Be4
Bf8 42.Nf5 Ra6 43.Kg2 Ra3 44.h4 Ra5 45.Ne7+ Bxe7 46.Rxe7 Nd5 47.Bxd5+ Rxd5
48.g4 Ra5 49.Kg3 Ra4 50.f3 Rb4 51.Re6 Kg7 52.g5 hxg5 53.hxg5 Ra4 54.f4 1-0

[Event "14th EUR-ch"]
[Site "Legnica POL"]
[Date "2013.05.05"]
[Round "1"]
[White "Worek, Joanna"]
[Black "Ipatov, Alexander"]
[Result "0-1"]
[WhiteElo "2299"]
[BlackElo "2588"]
[EventDate "2013.05.05"]
[PlyCount "98"]

1.d4 g6 2.c4 Bg7 3.Nf3 d6 4.Nc3 Nc6 5.g3 e5 6.d5 Nce7 7.e4 Nf6 8.Bg2 Bg4 
9.Be3 h5 10.h3 Bxf3 11.Qxf3 Nd7 12.g4 a6 13.Bf1 c6 14.Be2 cxd5 15.cxd5 Rc8
16.Kf1 Ng8 17.Kg2 Bh6 18.gxh5 Bxe3 19.Qxe3 gxh5 20.Rac1 Ne7 21.Kh2 Ng6 22.
Bf3 Nf6 23.Rhg1 Nf4 24.Ne2 Nxe2 25.Bxe2 Rxc1 26.Rxc1 Rg8 27.b4 Kf8 28.a4 
Rg6 29.a5 Kg7 30.Qb6 Qh8 31.Rc7 Ng4+ 32.Kh1 Qh6 33.Bxg4 hxg4 34.Qe3 Qh5 
35.Rc1 g3 36.Kg2 gxf2+ 37.Kxf2 Qh4+ 38.Ke2 Rg2+ 39.Kd3 f5 40.Kc4 Qxe4+ 41.
Qxe4 fxe4 42.Re1 Rc2+ 43.Kb3 Rh2 44.Rxe4 Rxh3+ 45.Kc2 Kf6 46.Rc4 Rh7 47.
Rc8 e4 48.Kc3 Ke5 49.Kc4 Re7 0-1

[Event "14th EUR-ch"]
[Site "Legnica POL"]
[Date "2013.05.05"]
[Round "1"]
[White "Svetuschin, Dumitru"]
[Black "Nasuta, Grzegorz"]
[Result "0-1"]
[WhiteElo "2588"]
[BlackElo "2299"]
[EventDate "2013.05.05"]
[PlyCount "74"]

1.e4 c5 2.Nf3 d6 3.d4 cxd4 4.Nxd4 Nf6 5.Nc3 a6 6.Be3 e6 7.f3 b5 8.Qd2 Nbd7
9.g4 h6 10.O-O-O b4 11.Nce2 d5 12.exd5 Nxd5 13.Nf4 Bb7 14.Bc4 N7b6 15.Bb3 
Nxf4 16.Bxf4 Bc5 17.Rhe1 O-O 18.g5 Qxd4 19.Qxd4 Bxd4 20.Rxd4 a5 21.gxh6 a4
22.hxg7 Rfc8 23.Bxe6 fxe6 24.Rxb4 Nd5 25.Rxb7 Nxf4 26.Re4 Nd3+ 27.Kd2 Nc5 
28.Reb4 Nxb7 29.Rxb7 Ra5 30.c3 Rd5+ 31.Kc2 Rh5 32.b4 Rxh2+ 33.Kd3 Rxa2 34.
c4 Rb2 35.b5 Rb4 36.b6 Rbxc4 37.Ra7 Rb4 0-1

[Event "14th EUR-ch"]
[Site "Legnica POL"]
[Date "2013.05.05"]
[Round "1"]
[White "Chudinovskikh, Alexander"]
[Black "Kulaots, Kaido"]
[Result "1/2-1/2"]
[WhiteElo "2296"]
[BlackElo "2586"]
[EventDate "2013.05.05"]
[PlyCount "80"]

1.d4 Nf6 2.Nf3 e6 3.g3 b5 4.Bg2 Bb7 5.O-O c5 6.b3 cxd4 7.Bb2 Be7 8.Nxd4 
Bxg2 9.Kxg2 Qb6 10.Qd3 a6 11.c4 bxc4 12.Qxc4 O-O 13.Nd2 Qb7+ 14.Kg1 Rc8 
15.Qd3 Nc6 16.Nxc6 Rxc6 17.Rac1 Rac8 18.Rxc6 Rxc6 19.Nc4 Qc8 20.e4 d5 21.
exd5 Nxd5 22.Rd1 h6 23.Qf3 Rc7 24.Qg4 Qf8 25.Be5 Rc5 26.Bd4 Rb5 27.Ne5 Rb7
28.Nc6 Bc5 29.Rc1 Bxd4 30.Nxd4 Rc7 31.Rxc7 Nxc7 32.Qe2 Qb4 33.Nc6 Qc3 34.
Qc4 Qe1+ 35.Kg2 Nd5 36.Qxa6 Qe4+ 37.Kg1 Qb1+ 38.Kg2 Qe4+ 39.Kg1 Qb1+ 40.
Kg2 Qe4+ 1/2-1/2

[Event "14th EUR-ch"]
[Site "Legnica POL"]
[Date "2013.05.05"]
[Round "1"]
[White "Iordachescu, Viorel"]
[Black "Gaehwiler, Gabriel"]
[Result "1-0"]
[WhiteElo "2582"]
[BlackElo "2288"]
[EventDate "2013.05.05"]
[PlyCount "109"]

1.d4 Nf6 2.c4 g6 3.Nf3 Bg7 4.g3 O-O 5.Bg2 d6 6.O-O c6 7.b3 Bg4 8.Bb2 Qc8 
9.Re1 Rd8 10.Nbd2 Nbd7 11.h3 Bxf3 12.Nxf3 e5 13.e4 Qc7 14.Qc2 Ne8 15.Rad1 
Nf8 16.h4 Qe7 17.Bh3 Nc7 18.Kg2 Re8 19.Qc1 Rad8 20.h5 Nfe6 21.h6 Bh8 22.d5
Nc5 23.Nh2 Qf8 24.Ng4 cxd5 25.cxd5 Nb5 26.f4 Nd7 27.fxe5 dxe5 28.Rf1 Qd6 
29.Ne3 Qb4 30.Nc4 Nb6 31.Qc2 Nxc4 32.bxc4 Nd6 33.Rc1 b5 34.Qf2 bxc4 35.Bc3
Qb6 36.Qe2 Qc5 37.Rf3 Re7 38.Bb2 Rb7 39.Ba3 Qc7 40.Bxd6 Qxd6 41.Rxc4 Rdb8 
42.Rfc3 Bf6 43.Rc6 Rb2 44.Rxd6 Rxe2+ 45.Kf3 Rh2 46.Rxf6 Rxh3 47.d6 Rd8 48.
d7 Kf8 49.Rc8 Ke7 50.Rxf7+ Kxf7 51.Rxd8 Ke7 52.Ra8 Kxd7 53.Rxa7+ Ke6 54.
Rxh7 Rh2 55.a4 1-0

[Event "14th EUR-ch"]
[Site "Legnica POL"]
[Date "2013.05.05"]
[Round "1"]
[White "Makolli, Perparim"]
[Black "Brunello, Sabino"]
[Result "0-1"]
[WhiteElo "2286"]
[BlackElo "2580"]
[EventDate "2013.05.05"]
[PlyCount "50"]

1.e4 c5 2.Nf3 d6 3.d4 cxd4 4.Nxd4 Nf6 5.Nc3 a6 6.Be3 e5 7.Nb3 Be6 8.Qd2 
Be7 9.f4 exf4 10.Bxf4 Nc6 11.O-O-O Ne5 12.Nd4 Rc8 13.Nf5 Bxf5 14.exf5 O-O 
15.Kb1 Qc7 16.Bg5 Ned7 17.Bf4 Qc5 18.Bxd6 Bxd6 19.Qxd6 Qxf5 20.Bd3 Qa5 21.
Rhf1 Ne5 22.Rxf6 gxf6 23.Nd5 Nxd3 24.Ne7+ Kg7 25.Rxd3 Rc5 0-1

[Event "14th EUR-ch"]
[Site "Legnica POL"]
[Date "2013.05.05"]
[Round "1"]
[White "Kempinski, Robert"]
[Black "Ivic, Mateo"]
[Result "1-0"]
[WhiteElo "2580"]
[BlackElo "2278"]
[EventDate "2013.05.05"]
[PlyCount "101"]

1.d4 Nf6 2.Nf3 g6 3.c4 Bg7 4.Nc3 O-O 5.Bg5 d6 6.e3 c6 7.Be2 Qa5 8.O-O Bg4 
9.Bh4 Nbd7 10.h3 Bxf3 11.Bxf3 Qb4 12.Qd3 Nb6 13.b3 d5 14.c5 Nbd7 15.Bg3 
Rfe8 16.a3 Qa5 17.b4 Qd8 18.Rfd1 e5 19.dxe5 Nxe5 20.Bxe5 Rxe5 21.e4 Qe7 
22.exd5 cxd5 23.Rab1 Rd8 24.Nb5 Ra8 25.Nd4 Ne4 26.c6 bxc6 27.Nxc6 Qh4 28.
g3 Rg5 29.Bg2 Nxg3 30.fxg3 Rxg3 31.Qxd5 Re8 32.Rf1 Re2 33.Qxf7+ Kh8 34.Rf2
Rxg2+ 35.Rxg2 Rxg2+ 36.Kxg2 Qe4+ 37.Kg3 Qxc6 38.Qb3 Be5+ 39.Kf2 Bd4+ 40.
Ke2 Qe4+ 41.Kd2 Bf6 42.Qd3 Qg2+ 43.Kd1 Bg5 44.b5 Kg7 45.Rb4 Kh6 46.Re4 Qa2
47.h4 Qa1+ 48.Ke2 Qa2+ 49.Kf3 Bf6 50.Qe3+ Kh5 51.Re5+ 1-0

[Event "14th EUR-ch"]
[Site "Legnica POL"]
[Date "2013.05.05"]
[Round "1"]
[White "Cherednichenko, Svetlana"]
[Black "Kotronias, Vasilios"]
[Result "1-0"]
[WhiteElo "2274"]
[BlackElo "2580"]
[EventDate "2013.05.05"]
[PlyCount "101"]

1.d4 Nf6 2.Nf3 g6 3.Bf4 Bg7 4.e3 O-O 5.h3 d6 6.Be2 Nbd7 7.Bh2 Ne4 8.c4 e5 
9.Bd3 f5 10.Nc3 Nxf2 11.Kxf2 e4 12.Nxe4 fxe4 13.Bxe4 Nf6 14.Qc2 Qe7 15.Bd3
g5 16.Ke2 c5 17.Rae1 b5 18.b3 bxc4 19.bxc4 Bd7 20.Kd2 h6 21.Re2 Rac8 22.d5
Rb8 23.Rb1 Rb6 24.Rxb6 axb6 25.Qb3 Ne4+ 26.Bxe4 Qxe4 27.Bxd6 Ra8 28.Ke1 
Bxh3 29.Qc2 Qxc2 30.Rxc2 Bf5 31.Rf2 Bc3+ 32.Kd1 Be4 33.Ne5 b5 34.Nc6 bxc4 
35.Bxc5 Kh7 36.Ne7 Rb8 37.Rf7+ Kh8 38.Ke2 Rb2+ 39.Kf1 Bg7 40.d6 Rb8 41.d7 
Rd8 42.Bd4 Bxd4 43.exd4 c3 44.Ke2 h5 45.d5 h4 46.Nc6 c2 47.Kd2 Rxd7 48.
Rxd7 Bxg2 49.Ne5 Kg8 50.d6 h3 51.Ng4 1-0

[Event "14th EUR-ch"]
[Site "Legnica POL"]
[Date "2013.05.05"]
[Round "1"]
[White "Grigoriants, Sergei"]
[Black "Minko, Vladimir"]
[Result "1-0"]
[WhiteElo "2579"]
[BlackElo "2268"]
[EventDate "2013.05.05"]
[PlyCount "55"]

1.Nf3 Nf6 2.c4 e6 3.Nc3 d5 4.d4 Bb4 5.e3 O-O 6.Bd3 b6 7.O-O Bb7 8.cxd5 
exd5 9.a3 Bd6 10.b4 a5 11.b5 Nbd7 12.Qb3 Ne4 13.a4 Ndf6 14.Ne2 Re8 15.Ba3 
Qd7 16.Qb2 Rac8 17.h3 Qf5 18.Rac1 g5 19.Ne5 g4 20.hxg4 Nxg4 21.Bxd6 cxd6 
22.Nxg4 Qxg4 23.Nf4 Ng5 24.Qe2 Qxe2 25.Nxe2 Ne4 26.Bxe4 dxe4 27.Ng3 Bd5 
28.Nh5 1-0

[Event "14th EUR-ch"]
[Site "Legnica POL"]
[Date "2013.05.05"]
[Round "1"]
[White "Duman, Aydin"]
[Black "Kuljasevic, Davorin"]
[Result "0-1"]
[WhiteElo "2265"]
[BlackElo "2578"]
[EventDate "2013.05.05"]
[PlyCount "110"]

1.e4 e5 2.Nf3 Nc6 3.Nc3 Nf6 4.Bb5 Bc5 5.O-O O-O 6.Nxe5 Nxe5 7.d4 Bd6 8.f4 
Neg4 9.e5 Be7 10.exf6 Nxf6 11.Bd3 d5 12.f5 c6 13.Qf3 Qb6 14.Ne2 c5 15.dxc5
Bxc5+ 16.Kh1 Bd7 17.Nf4 Bb5 18.Nxd5 Nxd5 19.c4 Nb4 20.cxb5 Nxd3 21.Qxd3 
Bd4 22.Bg5 Bxb2 23.Rad1 Bf6 24.Bxf6 Qxf6 25.Qd7 a6 26.Rd6 Rfd8 27.Qxd8+ 
Qxd8 28.Rxd8+ Rxd8 29.bxa6 bxa6 30.Kg1 h5 31.h4 Rd5 32.Rf4 Kf8 33.f6 g6 
34.Rb4 Ke8 35.Re4+ Kd8 36.a4 Rf5 37.Re7 Rxf6 38.Ra7 Ke8 39.g3 Kf8 40.Kg2 
Kg7 41.Rc7 Rd6 42.Rc5 Kf6 43.Kf3 Rd3+ 44.Kf2 Ke6 45.Ra5 Rd6 46.Ke3 Kd7 47.
Rc5 Rc6 48.Rd5+ Kc7 49.Rd4 Kb6 50.Rf4 Rc3+ 51.Kf2 f5 52.Rd4 Kc5 53.Rd8 Rc4
54.Rg8 Rg4 55.Re8 Kb4 0-1

[Event "14th EUR-ch"]
[Site "Legnica POL"]
[Date "2013.05.05"]
[Round "1"]
[White "Curic, Drazen"]
[Black "Kislinsky, Alexey"]
[Result "0-1"]
[WhiteElo "2258"]
[BlackElo "2574"]
[EventDate "2013.05.05"]
[PlyCount "64"]

1.d4 Nf6 2.c4 c5 3.d5 e6 4.Nc3 exd5 5.cxd5 Bd6 6.g3 O-O 7.Bg2 Re8 8.Nh3 
Bf8 9.O-O d6 10.Ng5 Na6 11.Nf3 Rb8 12.a4 Nb4 13.Nd2 b6 14.Nc4 a6 15.Re1 b5
16.axb5 axb5 17.Na3 Bd7 18.Nc2 Nxc2 19.Qxc2 b4 20.Nd1 b3 21.Qb1 g6 22.Ra7 
Bf5 23.Qa1 Bg7 24.Nc3 Ne4 25.Nxe4 Bxe4 26.Qa4 Bc2 27.h4 Ra8 28.Bf3 Rxa7 
29.Qxa7 Qb8 30.Qa4 Rc8 31.Kg2 c4 32.h5 c3 0-1

[Event "14th EUR-ch"]
[Site "Legnica POL"]
[Date "2013.05.05"]
[Round "1"]
[White "Mista, Aleksander"]
[Black "Musialkiewicz, Jan"]
[Result "1-0"]
[WhiteElo "2574"]
[BlackElo "2256"]
[EventDate "2013.05.05"]
[PlyCount "45"]

1.c4 e5 2.g3 Nf6 3.Bg2 Nc6 4.Nc3 Bc5 5.e3 d6 6.Nge2 Bg4 7.h3 Bh5 8.g4 Bg6 
9.d4 Bb6 10.f4 exd4 11.exd4 h5 12.f5 hxg4 13.fxg6 gxh3 14.Bxc6+ bxc6 15.
gxf7+ Kxf7 16.Bg5 Qd7 17.Qd3 Qg4 18.Bxf6 gxf6 19.O-O-O h2 20.Rdf1 Rag8 21.
Ne4 Rg6 22.Nf4 Rgh6 23.c5 1-0

[Event "14th EUR-ch"]
[Site "Legnica POL"]
[Date "2013.05.05"]
[Round "1"]
[White "Sahitaj, Naim"]
[Black "Arizmendi Martinez, Julen Luis"]
[Result "0-1"]
[WhiteElo "2256"]
[BlackElo "2571"]
[EventDate "2013.05.05"]
[PlyCount "68"]

1.Nf3 d5 2.b3 Bg4 3.e3 Nd7 4.h3 Bh5 5.Bb2 Ngf6 6.d4 e6 7.Nbd2 Bb4 8.c3 Bd6
9.g4 Bg6 10.Nh4 Be4 11.Nxe4 Nxe4 12.Ng2 h5 13.Bd3 Ndf6 14.gxh5 c6 15.Qe2 
Qa5 16.a3 O-O-O 17.b4 Qc7 18.c4 dxc4 19.Bxc4 Rxh5 20.Bd3 Rf5 21.f4 Ng3 22.
Qf3 Nxh1 23.O-O-O a5 24.e4 Rxf4 25.Nxf4 Bxf4+ 26.Kb1 axb4 27.axb4 Ng3 28.
e5 Nd5 29.Bc4 g5 30.b5 cxb5 31.Bxb5 Kb8 32.Rd3 Rc8 33.Rb3 Qc2+ 34.Ka2 Ne4 
0-1